000 00423nam a22001697a 4500
999 _c532709
_d532709
003 NUST
005 20191128114114.0
008 191127b ||||| |||| 00| 0 eng d
027 _q B07C88JRXW
038 _aMSOHAIL
082 _a297 ISR
100 _aDr. Israr Ahmed
_926279
245 _aEk Islahi Tehreek Khutba e Nikah :.......\
260 _aLahore
_bMarkazi Anjuman
_cc2014
300 _ap;48
942 _2ddc
_cBK